Querido nadie
Uloženo v:
| Hlavní autor: | |
|---|---|
| Médium: | Kniha |
| Jazyk: | španělština |
| Vydáno: |
Madrid
SM
2002
|
| Vydání: | 11a. ed |
| Edice: | Gran Angular, 3
|
| Témata: | |
| Tagy: |
Přidat tag
Žádné tagy, Buďte první, kdo vytvoří štítek k tomuto záznamu!
|
MARC
| LEADER | 00000nam a2200000 a 4500 | ||
|---|---|---|---|
| 001 | UCH9778 | ||
| 003 | CL-VaPUC | ||
| 008 | 100121e20021200SP |||||||||||||||||spa|d | ||
| 020 | |a 8434851857 | ||
| 082 | 0 | 4 | |a 823 |b DOH |2 21 |
| 100 | 0 | |a Doherty, Berlie |e author |9 547048 | |
| 245 | 1 | 0 | |a Querido nadie |
| 250 | |a 11a. ed | ||
| 300 | |a 165 p | ||
| 942 | |c BK | ||
| 945 | |d 20100121 00:00:00 |a dcastane | ||
| 260 | |a Madrid |b SM |c 2002 | ||
| 650 | 0 | |a Literatura inglesa |9 312907 | |
| 650 | 0 | |a Cuentos ingleses |9 265135 | |
| 583 | |a last modification |c 20100121 00:00:00 |k Rodrigo Vera | ||
| 490 | 0 | |a Gran Angular, 3 | |
| 999 | |c 339667 |d 339665 | ||